01304nam a2200301 i 450000100060000000300090000600500170001500700030003200800410003502000180007608000600009408000260015408000260018010000300020624500900023626000490032630000220037549000340039750001690043150400320060060000610063260000700069371000360076383000420079985200220084199900170086395201220088013885ES-MaACL20250821153252.0t|980720s1994 sp ||||l| spa d a84-88639-20-1 a873.3 Vives, Juan Luis 7 Exercitatio linguae latinae.06 a1 Vives, Juan Luis:37 a37:1 Vives, Juan Luis1 aCalero, Francisco.93365214aLos diálogos (Linguae latinae exercitatio) de Juan Luis Vives / cFrancisco Calero. aValencia : bAjuntament de Valencia, c1994. a206 p. ; c22 cm.1 aColección J.L. Vives ; v3B aAcompaña a: Linguae latinae exercitatio / Juan Luis Vives. Valencia : Ajuntament, 1994 (Colección J.L. Vives ; 3A). Signatura en Biblioteca del Ateneo: L-21068. aBibliografía: p. 201-204.14aVives, Juan Luis. tExercitatio linguae latinae.911557914aVives, Juan Luis, d1492-1540- xPensamiento pedagógico91155771 aValencia. bAyuntamiento.975310 aColección J.L. Vives ; v3B9179554 aES-MaACLjL-21069 c13885d13885 00104070aATENEOMbATENEOMcDEPO2d2008-01-17eSCl0oL-21069p1014129r2023-02-23 00:00:00w2023-02-23yMONOGRAFIA